| 000 | 00536nam a2200181Ia 4500 | ||
|---|---|---|---|
| 003 | SGT | ||
| 020 | _a9788177584752 | ||
| 082 |
_a4.6 _bHAL |
||
| 100 | _aHalsall,Fred | ||
| 245 | _aComputer networking and the internet | ||
| 250 | _a5th Ed. | ||
| 260 |
_bPearson _aN.Delhi _c2007 |
||
| 300 | _a678p. | ||
| 650 | _aCOMPUTER SCIENCE | ||
| 653 | _aDATA COMMUNICATION AND NETWORKING BASICS,TELEPHONE NETWORKS AND MODEMS,LOCAL AREA NETWORKS AND INTRANETS,THE INTERNET PROTOCOL | ||
| 700 | _aKulkarni,Lingana Gouda | ||
| 942 |
_2ddc _cBK _02 |
||
| 999 |
_c5193 _d5193 |
||